00343nam a2200121 a 4500008004100000050001600041100002300057245007000080260002500150300001500175350000900190700002200199120416s1981 ||||||||||||||||| || u aHF 5635 Ess aHopwood, Anthony G10aEssays in British accounting researchcedited by Michael Bromwich aLondonbPitmanc1981 axvi, 348p. a0.00 aBromwich, Michael